Statistiques concernant Pays du monde contenant un V

Cliquez ici pour prendre le quiz!

Statistiques générales

  • Ce quiz a été pris 919 fois
    (760 depuis la dernière actualisation)
  • Le résultat moyen est 11 sur 20

Statistiques - réponses

Pays% Correct
Venezuela
96%
Vatican
86%
Vanuatu
82%
Viêt Nam
71%
Nouvelle-Zélande
63%
Norvège
61%
Tuvalu
60%
Saint-Vincent-et-les-Grenadines
58%
Slovaquie
56%
Slovénie
56%
Bolivie
50%
Bosnie-Herzégovine
48%
Papouasie-Nouvelle-Guinée
47%
Moldavie
46%
Saint-Christophe-et-Niévès
43%
Kosovo
42%
Cap-Vert
40%
Salvador
39%
Maldives
38%
Côte d'Ivoire
29%

Distribution des résultats

Percentile par nombre de réponses

% des personnes avec chaque résultat

Votre développement - résultats

Vous n’avez pas pris ce quiz depuis la dernière actualisation